000
00342nam a22001097a 4500
005
20251108175511.0
008
250721s9999 xx 000 0 ara d
245
1
0
_a
نصائح تربوية للاطفال (2) في المدرسة /
264
1
_a
حلب :
_b
دار القلم العربي للاطفال،
942
_2
ddc
_c
BK
999
_c
135593
_d
135593